000 00187 a2200097 4500
020 _a9780593623930
041 _aspa
100 _aHamilton kersten
245 _aTractor verde
942 _cBK
999 _c31509
_d31507